=LDR 00000nam 2200000 4500 =001 INLIS000000000009016 =005 20130612100836 =008 ***********************************Ind** =035 ##$$0010-061300000009016 =041 ##$$a Ind =082 ##$$a 345.01 =090 ##$$a 345.01, Sid-h =100 ##$$a Sidabutar, Mangasa =245 ##$$a Hak terdakwah terpidana penuntut umum menempuh upaya hukum , pengantar praktis pemahaman tentang upaya hukum-hukum, Mangasa sidabutar =260 ##$$a 2001 $b Jakarta =300 ##$$a xii,240 hlm, 21 cm =650 ##$$a Hukum pidana-pengadilan =850 ##$$a NBPNMAT =990 ##$$a 0001/BPAP-NTB/2015